000 00402nam a22001457a 4500
999 _c15990
_d15990
008 210204b ||||| |||| 00| 0 eng d
020 _a978-1-84837-325-9
082 _22016
_aDC 883.01
_bIl5
245 _aThe iliad :
_bHomer
260 _aLondon :
_bArcturus Holdings, Limited,
_c©2016.
300 _a414 pages ;
_c21 cm.
650 _aHomer. Iliad
_942887
365 _b160.00
_cPhp
942 _2ddc
_cDC